| 000 | 00344nam a2200133Ia 4500 | ||
|---|---|---|---|
| 008 | 240624s9999 xx 000 0 und d | ||
| 041 | _aeng | ||
| 082 | _a158 GRA | ||
| 100 | _aGRAHAM STEDMAN | ||
| 245 | _aBUILD YOUR OWN LIFE BRAND A POWERFUL STR | ||
| 260 |
_c2001 _aNew York _bThe Free Press |
||
| 300 | _a243 : p. : cm. ; 24 | ||
| 365 |
_c _b30 |
||
| 999 |
_c16284 _d16284 |
||